Gấu nâu, Gấu nâu bạn nhìn thấy gì?

Gardado en:
Detalles Bibliográficos
Autor Principal: Lê, Thị Ánh Tuyết
Outros autores: Đặng, Thu Quỳnh
Formato: Libro
Idioma:Undetermined
Publicado: H. Giáo dục 2004
Những chủ đề:
Acceso en liña:http://lrc.tdmu.edu.vn/opac/search/detail.asp?aID=2&ID=4277
Các nhãn: Engadir etiqueta
Sen Etiquetas, Sexa o primeiro en etiquetar este rexistro!
Thư viện lưu trữ: Trung tâm Học liệu Trường Đại học Thủ Dầu Một
LEADER 00666nam a2200205Ia 4500
001 TDMU_4277
008 210410s9999 xx 000 0 und d
082 |a 372.218 
090 |b L250 
100 |a Lê, Thị Ánh Tuyết 
245 0 |a Gấu nâu, Gấu nâu bạn nhìn thấy gì? 
245 0 |c Lê Thị Ánh Tuyết 
260 |a H. 
260 |b Giáo dục 
260 |c 2004 
300 |a 22tr. 
650 |a Văn học trẻ em; Giáo dục mầm non 
700 |a Đặng, Thu Quỳnh 
856 |u http://lrc.tdmu.edu.vn/opac/search/detail.asp?aID=2&ID=4277 
980 |a Trung tâm Học liệu Trường Đại học Thủ Dầu Một